Estatísticas para Países que fazem fronteira com o Iraque

Clique aqui para jogar o quiz

Estatísticas Gerais

  • Esse quiz foi jogado 42 vezes
  • A pontuação média é 5 de 6

Respostas no mapa

Respostas codificadas por cores de uma escala verde-vermelha no mapa do quiz de acordo com a % correta abaixo.
 

Estatísticas das Respostas

País% Correto
Irão
97%
Síria
97%
Arabia Saudita
92%
Jordânia
85%
Kuweit
79%
Turquia
74%

Distribuição das Pontuações

Percentil de Números Respondidos

Porcentagem de Pessoas com Cada Pontuação

Sua Pontuação Histórica

Você não jogou esse quiz